[Event "CZE-chT2J 0203"]
[Site "Czech Republic"]
[Date "2003.??.??"]
[Round "5"]
[White "Urbanek, Stepan"]
[Black "Kukacka, Martin"]
[Result "1/2-1/2"]
[WhiteElo "2096"]
[BlackElo "2092"]
[PlyCount "77"]
[EventDate "2002.10.??"]
[EventType "team"]
[EventRounds "11"]
[EventCountry "CZE"]
[SourceTitle "EXT 2007"]
[Source "ChessBase"]
[SourceDate "2006.11.23"]
[SourceVersion "1"]
[SourceVersionDate "2006.11.23"]
[SourceQuality "1"]

1. d4 d5 2. c4 Nc6 3. Nf3 Bg4 4. e3 e5 5. dxe5 dxc4 6. Qa4 Bxf3 7. gxf3 Qd5 8. Qxc4 Qxf3 9. Rg1 0-0-0 10. Be2 Nxe5 11. Bxf3 Nxc4 12. Nd2 Bb4 13. a3 Bxd2+ 14. Bxd2 Nxd2 15. Bg4+ f5 16. Bxf5+ Kb8 17. Rxg7 Nc4 18. Rc1 Nd6 19. Rcxc7 Nf6 20. Rce7 h6 21. Bh3 Rde8 22. Bg2 Rxe7 23. Rxe7 Re8 24. Rg7 Rg8 25. Rxg8+ Nxg8 26. Ke2 Kc7 27. Kd3 Nf6 28. f4 b6 29. Bf3 Nc8 30. e4 Ne7 31. e5 Nd7 32. b4 a5 33. Ke4 axb4 34. axb4 Nc6 35. e6 Nxb4 36. exd7 Kxd7 37. Kf5 Nd3 38. Be4 Nxf4 39. Kxf4 1/2-1/2

[Event "CZE-chTJ 0102"]
[Site "Czech Republic"]
[Date "2002.??.??"]
[Round "4"]
[White "Hroch, Jiri"]
[Black "Kukacka, Martin"]
[Result "0-1"]
[WhiteElo "2185"]
[BlackElo "2123"]
[PlyCount "120"]
[EventDate "2001.??.??"]
[EventType "team"]
[EventRounds "11"]
[EventCountry "CZE"]
[SourceTitle "EXT 2003"]
[Source "ChessBase"]
[SourceDate "2002.11.25"]
[SourceVersion "1"]
[SourceVersionDate "2002.11.25"]
[SourceQuality "1"]
[WhiteTeam "Line"]
[BlackTeam "Pisek"]
[WhiteTeamCountry "CZE"]
[BlackTeamCountry "CZE"]

1. e4 c5 2. c3 d5 3. exd5 Qxd5 4. d4 cxd4 5. cxd4 e5 6. Nc3 Qxd4 7. Qxd4 exd4 8. Nb5 Na6 9. Nxd4 Bc5 10. Ngf3 Nc7 11. Bb5+ Kf8 12. 0-0 Nxb5 13. Nxb5 Bd7 14. Nbd4 f6 15. Nb3 Bb6 16. Bf4 Kf7 17. Rac1 Ne7 18. Rfd1 Bc6 19. Nfd4 Rhd8 20. Be3 Bd5 21. Nb5 Bxe3 22. fxe3 a6 23. Nc7 Bxb3 24. axb3 Rac8 25. Rxd8 Rxd8 26. e4 Rd4 27. Nd5 Rxe4 28. Rc7 Re5 29. Nb6 Ke6 30. Nd7 Rb5 31. Rxb7 Kd6 32. Rxb5 axb5 33. Nf8 Nc6 34. Kf2 Kc5 35. Ke2 Kb4 36. Kd2 Kxb3 37. Kc1 h5 38. Ne6 g5 39. Nc5+ Kc4 40. Ne4 Kd4 41. Nxf6 h4 42. Kd2 Ne5 43. b3 g4 44. Ne8 Nf3+ 45. Ke2 Nxh2 46. Nd6 b4 47. Nf5+ Kc3 48. Nxh4 Kxb3 49. Nf5 Kc3 50. Ne3 b3 51. Nd5+ Kd4 52. Ne3 b2 53. Nc2+ Ke4 54. Na3 Kf4 55. Kd2 Kg3 56. Kc2 Kxg2 57. Kxb2 g3 58. Nc2 Kf2 59. Nb4 g2 60. Nd3+ Kf1 0-1

[Event "CZE-chTJ 0102"]
[Site "Czech Republic"]
[Date "2002.??.??"]
[Round "2"]
[White "Kukacka, Martin"]
[Black "Meszaros, Ludek"]
[Result "1/2-1/2"]
[WhiteElo "2123"]
[BlackElo "2244"]
[PlyCount "81"]
[EventDate "2001.??.??"]
[EventType "team"]
[EventRounds "11"]
[EventCountry "CZE"]
[SourceTitle "EXT 2003"]
[Source "ChessBase"]
[SourceDate "2002.11.25"]
[SourceVersion "1"]
[SourceVersionDate "2002.11.25"]
[SourceQuality "1"]
[WhiteTeam "Pisek"]
[BlackTeam "Tabor II"]
[WhiteTeamCountry "CZE"]
[BlackTeamCountry "CZE"]

1. e4 e5 2. Nf3 Nc6 3. Bb5 a6 4. Ba4 Nf6 5. d4 exd4 6. 0-0 Be7 7. e5 Ne4 8. Nxd4 0-0 9. Bf4 Bg5 10. Bxg5 Qxg5 11. f4 Qe7 12. c3 Nxd4 13. Qxd4 d5 14. Bc2 f5 15. Qxd5+ Be6 16. Qd4 Rad8 17. Qe3 Bc4 18. Re1 g5 19. fxg5 Nxg5 20. Qf4 Qc5+ 21. Qf2 Qxf2+ 22. Kxf2 Ne4+ 23. Kg1 b5 24. Na3 Bd5 25. Red1 c6 26. Bd3 Kf7 27. c4 bxc4 28. Nxc4 Ke6 29. Rac1 h5 30. Ne3 Kxe5 31. Bxa6 Bxa2 32. Bc4 f4 33. Re1 fxe3 34. Bxa2 Rd2 35. Rxe3 Rff2 36. Bb1 Rxg2+ 37. Kh1 Rxh2+ 38. Kg1 Rdg2+ 39. Kf1 Rf2+ 40. Kg1 Rhg2+ 41. Kh1 1/2-1/2

[Event "CZE-chT2J 0203"]
[Site "Czech Republic"]
[Date "2002.??.??"]
[Round "5"]
[White "Kukacka, Martin"]
[Black "Meszaros, Ludek"]
[Result "1-0"]
[WhiteElo "2092"]
[BlackElo "2162"]
[PlyCount "59"]
[EventDate "2002.10.??"]
[EventType "team"]
[EventRounds "11"]
[EventCountry "CZE"]
[SourceTitle "EXT 2007"]
[Source "ChessBase"]
[SourceDate "2006.11.23"]
[SourceVersion "1"]
[SourceVersionDate "2006.11.23"]
[SourceQuality "1"]

1. e4 c5 2. Nc3 Nc6 3. g3 g6 4. Bg2 Bg7 5. d3 d6 6. f4 e6 7. Nf3 Nge7 8. Be3 0-0 9. 0-0 Rb8 10. Qd2 Nd4 11. Nd1 d5 12. Nh4 dxe4 13. dxe4 b6 14. f5 exf5 15. c3 Ne6 16. Qxd8 Rxd8 17. exf5 gxf5 18. Nxf5 Nxf5 19. Rxf5 Bb7 20. Nf2 Bxg2 21. Kxg2 Rb7 22. Rf1 Rbd7 23. Ng4 Re8 24. Bh6 Nd8 25. Rg5 Rd2+ 26. Kh3 Ne6 27. Rxg7+ Nxg7 28. Nf6+ Kf8 29. Nxe8 Kxe8 30. Bxd2 1-0

[Event "CZE-chT2J 0203"]
[Site "Czech Republic"]
[Date "2002.??.??"]
[Round "5"]
[White "Kukacka, Martin"]
[Black "Most, Zdenek"]
[Result "0-1"]
[WhiteElo "2092"]
[BlackElo "2148"]
[PlyCount "66"]
[EventDate "2002.10.??"]
[EventType "team"]
[EventRounds "11"]
[EventCountry "CZE"]
[SourceTitle "EXT 2007"]
[Source "ChessBase"]
[SourceDate "2006.11.23"]
[SourceVersion "1"]
[SourceVersionDate "2006.11.23"]
[SourceQuality "1"]

1. e4 d6 2. Nc3 Nf6 3. g3 g6 4. Bg2 Bg7 5. d3 c6 6. Nf3 0-0 7. 0-0 Qa5 8. Bd2 Qh5 9. Nh4 Bg4 10. f3 Be6 11. f4 Qc5+ 12. Kh1 Na6 13. f5 Bc8 14. Na4 Qd4 15. c4 Qxd3 16. Rf3 Qd4 17. Qe2 Qxe4 18. Re3 Qc2 19. Rc1 Qxa4 20. Ra3 Qxa3 21. bxa3 e6 22. fxg6 fxg6 23. Rf1 e5 24. Bg5 Nc5 25. Qd1 Nfe4 26. Rxf8+ Bxf8 27. Be3 Be6 28. Qc2 d5 29. Nf3 Bf5 30. Qe2 d4 31. Bd2 Bg4 32. Bb4 Re8 33. h3 Nxg3+ 0-1

[Event "Prague AKO op"]
[Site "Prague"]
[Date "2001.??.??"]
[Round "?"]
[White "Koukolik, Alexander"]
[Black "Kukacka, Martin"]
[Result "1/2-1/2"]
[WhiteElo "2110"]
[BlackElo "2120"]
[PlyCount "22"]
[EventDate "2001.??.??"]
[EventType "swiss"]
[EventRounds "9"]
[EventCountry "CZE"]
[SourceTitle "EXT 2003"]
[Source "ChessBase"]
[SourceDate "2002.11.25"]
[SourceVersion "1"]
[SourceVersionDate "2002.11.25"]
[SourceQuality "1"]

1. d4 d5 2. c4 Nc6 3. Bf4 dxc4 4. d5 e5 5. Bg3 Nce7 6. Bxe5 Qxd5 7. Qxd5 Nxd5 8. e4 Nb4 9. Na3 Be6 10. Bxc7 Nf6 11. f3 Rc8 1/2-1/2

[Event "Prague AKO op"]
[Site "Prague"]
[Date "2001.??.??"]
[Round "?"]
[White "Kukacka, Martin"]
[Black "Brousek, Jiri"]
[Result "1/2-1/2"]
[WhiteElo "2120"]
[BlackElo "2105"]
[PlyCount "51"]
[EventDate "2001.??.??"]
[EventType "swiss"]
[EventRounds "9"]
[EventCountry "CZE"]
[SourceTitle "EXT 2003"]
[Source "ChessBase"]
[SourceDate "2002.11.25"]
[SourceVersion "1"]
[SourceVersionDate "2002.11.25"]
[SourceQuality "1"]

1. e4 e6 2. d4 d5 3. Nc3 dxe4 4. Nxe4 Bd7 5. Qd3 Bc6 6. Bf4 Nd7 7. 0-0-0 Ngf6 8. f3 Nb6 9. Nxf6+ gxf6 10. Ne2 Nd5 11. Bd2 h5 12. c4 Nb6 13. Nc3 Qd7 14. d5 0-0-0 15. Be3 exd5 16. Bxb6 axb6 17. cxd5 Bh6+ 18. Kb1 Qe7 19. Qc4 Bd7 20. Bd3 f5 21. Rhe1 Qf6 22. Nb5 Bxb5 23. Qxb5 Kb8 24. d6 Rxd6 25. Qxf5 Bg7 26. Qxf6 1/2-1/2

[Event "Prague AKO op"]
[Site "Prague"]
[Date "2001.??.??"]
[Round "?"]
[White "Kukacka, Martin"]
[Black "Schutz, Peter"]
[Result "1/2-1/2"]
[WhiteElo "2120"]
[BlackElo "2005"]
[PlyCount "174"]
[EventDate "2001.??.??"]
[EventType "swiss"]
[EventRounds "9"]
[EventCountry "CZE"]
[SourceTitle "EXT 2003"]
[Source "ChessBase"]
[SourceDate "2002.11.25"]
[SourceVersion "1"]
[SourceVersionDate "2002.11.25"]
[SourceQuality "1"]

1. e4 e5 2. Nf3 Nc6 3. Bb5 Nd4 4. Nxd4 exd4 5. 0-0 c6 6. Ba4 d6 7. c3 dxc3 8. bxc3 Nf6 9. d4 Be7 10. Qd3 Qa5 11. Bc2 Be6 12. f4 0-0-0 13. c4 d5 14. cxd5 cxd5 15. e5 Ne4 16. f5 Bd7 17. a4 Kb8 18. Nd2 Qc3 19. Qxc3 Nxc3 20. Bb2 Rc8 21. Bb3 Bg5 22. Nf3 Be3+ 23. Kh1 Bxf5 24. Bxc3 Rxc3 25. Bxd5 Be6 26. Be4 Bc4 27. Rfb1 b6 28. d5 f5 29. exf6 gxf6 30. Rd1 Bb3 31. Rd3 Rxd3 32. Bxd3 Bxd5 33. a5 h5 34. Re1 Bc5 35. axb6 axb6 36. Nd2 Bb4 37. Rb1 Bxd2 38. Rxb6+ Kc7 39. Rxf6 Rg8 40. Rf2 Be3 41. Re2 Bc5 42. Be4 Rf8 43. h3 h4 44. Bf3 Bxf3 45. gxf3 Rxf3 46. Rd2 Bd6 47. Rd4 Rxh3+ 48. Kg2 Rh2+ 49. Kg1 Bg3 50. Rd5 Kc6 51. Rg5 Kd6 52. Ra5 Rc2 53. Rh5 Ke6 54. Kh1 Kf6 55. Kg1 Kg6 56. Rb5 h3 57. Rb1 Kf5 58. Kh1 Kg4 59. Rf1 Bf2 60. Kh2 Kf3 61. Rb1 Bg3+ 62. Kh1 Bf4 63. Rf1+ Kg3 64. Rg1+ Rg2 65. Re1 Rf2 66. Rg1+ Kf3 67. Re1 Be3 68. Rg1 Rg2 69. Rf1+ Bf2 70. Rb1 Be3 71. Rf1+ Bf2 72. Rb1 Rg6 73. Rb3+ Be3 74. Rb1 h2 75. Rb7 Rc6 76. Rb1 Rc2 77. Rf1+ Bf2 78. Re1 Ra2 79. Rb1 Ra6 80. Rb3+ Be3 81. Rb1 Kg3 82. Re1 Kf2 83. Rb1 Rg6 84. Rb2+ Kf3 85. Rg2 Rc6 86. Rg3+ Kf4 87. Rg2 Rc1+ 1/2-1/2

[Event "CZE-chTJ 0001"]
[Site "Czech Republic"]
[Date "2001.??.??"]
[Round "2"]
[White "Simek, Petr"]
[Black "Kukacka, Martin"]
[Result "1-0"]
[WhiteElo "2245"]
[BlackElo "2090"]
[PlyCount "45"]
[EventDate "2000.??.??"]
[EventType "team"]
[EventRounds "11"]
[EventCountry "CZE"]
[SourceTitle "EXT 2003"]
[Source "ChessBase"]
[SourceDate "2002.11.25"]
[SourceVersion "1"]
[SourceVersionDate "2002.11.25"]
[SourceQuality "1"]

1. d4 d5 2. c4 Nc6 3. cxd5 Qxd5 4. e3 e5 5. Nc3 Bb4 6. Bd2 Bxc3 7. bxc3 exd4 8. exd4 Nge7 9. Nf3 0-0 10. Be2 Bg4 11. 0-0 Rfe8 12. h3 Bh5 13. Re1 Rad8 14. Rb1 Qxa2 15. Rxb7 Nd5 16. g4 Bg6 17. Bb5 Bc2 18. Rxe8+ Rxe8 19. Qf1 Ba4 20. Bc4 Qc2 21. Bxd5 Ne7 22. Bxf7+ Kxf7 23. Qc4+ 1-0

[Event "CZE-chTJ 0102"]
[Site "Czech Republic"]
[Date "2001.??.??"]
[Round "5"]
[White "Simunek, Ales"]
[Black "Kukacka, Martin"]
[Result "1-0"]
[WhiteElo "2119"]
[BlackElo "2123"]
[PlyCount "85"]
[EventDate "2001.??.??"]
[EventType "team"]
[EventRounds "11"]
[EventCountry "CZE"]
[SourceTitle "EXT 2003"]
[Source "ChessBase"]
[SourceDate "2002.11.25"]
[SourceVersion "1"]
[SourceVersionDate "2002.11.25"]
[SourceQuality "1"]
[WhiteTeam "Plzen Bolevec"]
[BlackTeam "Pisek"]
[WhiteTeamCountry "CZE"]
[BlackTeamCountry "CZE"]

1. e4 e5 2. Nf3 Nc6 3. Bc4 Bc5 4. c3 Bb6 5. d4 Qe7 6. d5 Nd8 7. 0-0 d6 8. a4 a6 9. a5 Ba7 10. Be3 Bxe3 11. fxe3 Nf6 12. Nbd2 0-0 13. Qe2 c6 14. b4 b5 15. axb6 Qb7 16. dxc6 Nxc6 17. Nh4 Qxb6 18. Nf5 Bxf5 19. Rxf5 Ne7 20. Rf3 a5 21. b5 d5 22. exd5 Nexd5 23. Bxd5 Nxd5 24. c4 Nf4 25. Qf1 f6 26. Ne4 Ne6 27. h4 Nc5 28. Nc3 Nb3 29. Na4 Qd6 30. c5 Nxc5 31. Rd1 Qe7 32. Qc4+ Ne6 33. Nb6 Rfd8 34. Rff1 Rab8 35. Rxd8+ Rxd8 36. Nd5 Qc5 37. Nxf6+ Kh8 38. Qxe6 Rf8 39. b6 Qxe3+ 40. Kh2 h5 41. Ng4 Qc5 42. Rxf8+ Qxf8 43. Qxe5 1-0

[Event "Klatovy op-A"]
[Site "Klatovy"]
[Date "2000.??.??"]
[Round "?"]
[White "Hercik, Josef"]
[Black "Kukacka, Martin"]
[Result "0-1"]
[WhiteElo "1950"]
[BlackElo "2025"]
[PlyCount "120"]
[EventDate "2000.??.??"]
[EventType "swiss"]
[EventRounds "9"]
[EventCountry "CZE"]
[SourceTitle "EXT 2003"]
[Source "ChessBase"]
[SourceDate "2002.11.25"]
[SourceVersion "1"]
[SourceVersionDate "2002.11.25"]
[SourceQuality "1"]

1. e4 e5 2. Nf3 Nc6 3. Bb5 a6 4. Ba4 Nf6 5. 0-0 Bc5 6. c3 Ba7 7. d3 d6 8. h3 0-0 9. Bg5 h6 10. Bh4 Kh8 11. Kh1 Rg8 12. Bb3 Qe7 13. Qd2 g5 14. Bg3 Nh5 15. h4 Nf4 16. Na3 Bg4 17. Rae1 Qf6 18. Bd1 Ne7 19. Nc2 Neg6 20. d4 Rad8 21. hxg5 hxg5 22. Nh2 Bxd1 23. Rxd1 Kg7 24. Ne3 Rh8 25. Nf5+ Kf8 26. Kg1 Rh7 27. dxe5 Qxe5 28. Rfe1 Ne7 29. Nf3 Nxf5 30. Bxf4 gxf4 31. exf5 Qxf5 32. Qd5 Rh5 33. Qe4 Qf6 34. Rd5 Rxd5 35. Qxd5 c6 36. Qe4 Bc5 37. Kf1 d5 38. Qe5 Qxe5 39. Nxe5 Bd6 40. Nd3 Kg7 41. Ke2 Re8+ 42. Kf3 Rxe1 43. Nxe1 Kf6 44. Kg4 Ke5 45. Kf3 c5 46. Nd3+ Kf5 47. b3 b5 48. b4 c4 49. Nc5 Bxc5 50. bxc5 a5 51. a3 Ke5 52. Ke2 Ke6 53. Kf3 Kd7 54. Kxf4 Kc6 55. g4 Kxc5 56. Ke3 b4 57. cxb4+ axb4 58. axb4+ Kxb4 59. Kd2 Kb3 60. Kc1 Kc3 0-1

[Event "Klatovy op-A"]
[Site "Klatovy"]
[Date "2000.??.??"]
[Round "?"]
[White "Kukacka, Martin"]
[Black "Cerny, Richard"]
[Result "1-0"]
[WhiteElo "2025"]
[BlackElo "1935"]
[PlyCount "101"]
[EventDate "2000.??.??"]
[EventType "swiss"]
[EventRounds "9"]
[EventCountry "CZE"]
[SourceTitle "EXT 2003"]
[Source "ChessBase"]
[SourceDate "2002.11.25"]
[SourceVersion "1"]
[SourceVersionDate "2002.11.25"]
[SourceQuality "1"]

1. e4 d5 2. exd5 Qxd5 3. Nc3 Qa5 4. d4 c6 5. Nf3 Bg4 6. Bc4 e6 7. h3 Bxf3 8. Qxf3 Nf6 9. 0-0 Be7 10. Ne4 Nbd7 11. c3 0-0 12. b4 Qc7 13. Bf4 e5 14. Bg3 Nxe4 15. Qxe4 Bd6 16. Rad1 Rae8 17. Rfe1 Nf6 18. Qb1 exd4 19. Bxd6 Rxe1+ 20. Rxe1 Qxd6 21. Qd3 c5 22. bxc5 Qxc5 23. cxd4 Qd6 24. d5 Re8 25. Rxe8+ Nxe8 26. Qe3 Qb8 27. Qe7 Nd6 28. Bd3 g6 29. h4 b5 30. h5 a5 31. h6 a4 32. Qf6 Qf8 33. g4 b4 34. Bc2 Qxh6 35. Qxd6 Qc1+ 36. Kg2 Qxc2 37. Qb8+ Kg7 38. Qxb4 Qxa2 39. Qd4+ f6 40. d6 Qg8 41. g5 Qa8+ 42. Kg1 Qc8 43. d7 Qc1+ 44. Kh2 Qxg5 45. d8Q Qh5+ 46. Kg2 Qg5+ 47. Kf1 Qc1+ 48. Ke2 Qc2+ 49. Kf3 Qf5+ 50. Qf4 Qh5+ 51. Kg3 1-0

[Event "CZE-chTJ 0001"]
[Site "Czech Republic"]
[Date "2000.??.??"]
[Round "2"]
[White "Kukacka, Martin"]
[Black "Gregor, Jiri"]
[Result "0-1"]
[WhiteElo "2090"]
[BlackElo "2235"]
[PlyCount "70"]
[EventDate "2000.??.??"]
[EventType "team"]
[EventRounds "11"]
[EventCountry "CZE"]
[SourceTitle "EXT 2003"]
[Source "ChessBase"]
[SourceDate "2002.11.25"]
[SourceVersion "1"]
[SourceVersionDate "2002.11.25"]
[SourceQuality "1"]

1. e4 c6 2. d4 d5 3. f3 dxe4 4. fxe4 e5 5. Nf3 Bg4 6. Bc4 Nd7 7. 0-0 Ngf6 8. c3 Bd6 9. Bg5 Qc7 10. Qb3 0-0 11. Nbd2 b5 12. Bd3 a6 13. a4 h6 14. Bh4 Be6 15. Qc2 Ng4 16. Rfe1 exd4 17. Nf1 dxc3 18. Qxc3 b4 19. Qd2 c5 20. Rad1 Bf4 21. Qe2 c4 22. Bb1 Nge5 23. h3 Nxf3+ 24. Qxf3 Be5 25. Ne3 Bxb2 26. Be7 Ne5 27. Qe2 Qxe7 28. Qxb2 Qc5 29. Kh1 c3 30. Qe2 b3 31. Nd5 c2 32. Rc1 Bxd5 33. exd5 Rfe8 34. Bxc2 bxc2 35. Rxc2 Qxd5 0-1

[Event "Klatovy op-A"]
[Site "Klatovy"]
[Date "2000.??.??"]
[Round "?"]
[White "Lechtynsky, Jiri"]
[Black "Kukacka, Martin"]
[Result "1-0"]
[WhiteElo "2390"]
[BlackElo "2025"]
[PlyCount "67"]
[EventDate "2000.??.??"]
[EventType "swiss"]
[EventRounds "9"]
[EventCountry "CZE"]
[SourceTitle "EXT 2003"]
[Source "ChessBase"]
[SourceDate "2002.11.25"]
[SourceVersion "1"]
[SourceVersionDate "2002.11.25"]
[SourceQuality "1"]

1. Nf3 Nc6 2. d4 d5 3. g3 Nf6 4. Bg2 g6 5. 0-0 Bg7 6. Ne5 Bd7 7. c4 e6 8. Nc3 0-0 9. e3 Rb8 10. f4 Ne7 11. b3 c5 12. dxc5 Qa5 13. Qd2 Qxc5 14. a4 Qc7 15. Ba3 Bc6 16. Nb5 Bxb5 17. cxb5 Rfc8 18. Rac1 Qd8 19. Bc5 Ra8 20. e4 Bf8 21. Bxe7 Bxe7 22. exd5 exd5 23. Bf3 Rxc1 24. Rxc1 Rc8 25. Kg2 Rxc1 26. Qxc1 h5 27. Qd1 Qd6 28. Qd3 Kg7 29. h3 g5 30. Qf5 gxf4 31. Bxh5 fxg3 32. Qg5+ Kf8 33. Bxf7 Ne4 34. Qg8# 1-0

[Event "CZE-chT1c 9697"]
[Site "Czech Republic"]
[Date "1997.??.??"]
[Round "?"]
[White "Illetsko, Jaroslav"]
[Black "Kukacka, Martin"]
[Result "1/2-1/2"]
[WhiteElo "2240"]
[BlackElo "2060"]
[PlyCount "92"]
[EventDate "1996.??.??"]
[EventType "team"]
[EventRounds "11"]
[EventCountry "CZE"]
[SourceTitle "EXT 1998"]
[Source "ChessBase"]
[SourceDate "1997.11.17"]
[SourceVersion "1"]
[SourceVersionDate "1997.11.17"]
[SourceQuality "1"]

1. d4 d5 2. Nf3 Nf6 3. g3 e6 4. Bg2 Be7 5. 0-0 0-0 6. c4 dxc4 7. Qa4 a6 8. Qxc4 b5 9. Qc2 Bb7 10. Nbd2 Nbd7 11. Nb3 Be4 12. Qd1 c5 13. dxc5 Nxc5 14. Qxd8 Rfxd8 15. Nxc5 Bxc5 16. Bg5 Rd5 17. Bxf6 gxf6 18. Rac1 Rad8 19. Ne1 Bxg2 20. Kxg2 Bd4 21. Rc2 a5 22. Nd3 e5 23. e4 R5d6 24. Ne1 b4 25. Nf3 a4 26. Rd1 b3 27. axb3 axb3 28. Rcd2 Rc6 29. Nxd4 Rxd4 30. Rxd4 exd4 31. Rd3 Rc2 32. Rxb3 Kf8 33. Rd3 Rxb2 34. Rxd4 Ke7 35. g4 Ke6 36. Kg3 Rb1 37. Rd5 Rg1+ 38. Kf4 Rg2 39. Rh5 Rxf2+ 40. Ke3 Rg2 41. h3 Rg1 42. Rxh7 Re1+ 43. Kf3 Rf1+ 44. Ke2 Ra1 45. Rh5 Ra3 46. Kf2 Ke7 1/2-1/2

[Event "Ceske Budejovice op"]
[Site "Ceske Budejovice"]
[Date "1997.??.??"]
[Round "5"]
[White "Kukacka, Martin"]
[Black "Nun, Jiri"]
[Result "1-0"]
[WhiteElo "2035"]
[BlackElo "2395"]
[PlyCount "107"]
[EventDate "1997.??.??"]
[EventType "swiss"]
[EventRounds "9"]
[EventCountry "CZE"]
[SourceTitle "EXT 1998"]
[Source "ChessBase"]
[SourceDate "1997.11.17"]
[SourceVersion "1"]
[SourceVersionDate "1997.11.17"]
[SourceQuality "1"]

1. e4 c6 2. d4 g6 3. Nf3 Bg7 4. Be2 d5 5. Nc3 Bg4 6. Be3 Bxf3 7. Bxf3 e6 8. 0-0 Ne7 9. Qd2 0-0 10. Rad1 Nd7 11. Bh6 a6 12. Rfe1 Nc8 13. h4 Nd6 14. exd5 cxd5 15. h5 Bxh6 16. Qxh6 Nf5 17. Qd2 Nb6 18. hxg6 hxg6 19. Bg4 Nc4 20. Qc1 Ncd6 21. Bxf5 Nxf5 22. Qf4 Rc8 23. Rd3 Qc7 24. Qg5 Qd8 25. Qf4 Rc4 26. Re5 Re8 27. b3 g5 28. Qg4 Rc7 29. Nxd5 Rxc2 30. Ne3 Rc1+ 31. Kh2 f6 32. Nxf5 fxe5 33. dxe5 exf5 34. Rxd8 fxg4 35. Rxe8+ Kf7 36. Rb8 Rc7 37. Kg3 Ke6 38. Kxg4 Kxe5 39. Re8+ Kf6 40. Rb8 Rc2 41. Rxb7 Rxa2 42. Rb6+ Kf7 43. Kxg5 Rxf2 44. g4 a5 45. Ra6 Rf3 46. Ra7+ Ke6 47. Rxa5 Rxb3 48. Kg6 Rb8 49. Ra7 Rg8+ 50. Rg7 Ra8 51. g5 Rb8 52. Ra7 Rb6 53. Kg7 Rb1 54. g6 1-0

[Event "Ceske Budejovice op"]
[Site "Ceske Budejovice"]
[Date "1996.??.??"]
[Round "2"]
[White "Brabec, Milan"]
[Black "Kukacka, Martin"]
[Result "1/2-1/2"]
[WhiteElo "2215"]
[BlackElo "2060"]
[PlyCount "70"]
[EventDate "1996.??.??"]
[EventType "swiss"]
[EventRounds "9"]
[EventCountry "CZE"]
[SourceTitle "EXT 2001"]
[Source "ChessBase"]
[SourceDate "2000.11.22"]
[SourceVersion "1"]
[SourceVersionDate "2000.11.22"]
[SourceQuality "1"]

1. e4 e5 2. Nf3 Nc6 3. Bc4 Bc5 4. c3 Bb6 5. b4 d6 6. d3 Nf6 7. a4 a6 8. Bg5 h6 9. Bh4 0-0 10. Nbd2 Qe7 11. Qb3 Nd8 12. 0-0 Ne6 13. Rfe1 g5 14. Bg3 Nh5 15. Nf1 Kh8 16. Ne3 Bxe3 17. Rxe3 Nef4 18. Qc2 Ng7 19. Rd1 f5 20. Ree1 Nxg2 21. Kxg2 f4 22. Ng1 Be6 23. Bxe6 Nxe6 24. h3 fxg3 25. fxg3 Rf6 26. Rf1 Raf8 27. Rxf6 Qxf6 28. Qe2 b5 29. axb5 axb5 30. Rf1 Qxf1+ 31. Qxf1 Rxf1 32. Kxf1 c5 33. bxc5 Nxc5 34. Ke2 Kg7 35. Ke3 Kf6 1/2-1/2

[Event "Ceske Budejovice op"]
[Site "Ceske Budejovice"]
[Date "1996.??.??"]
[Round "5"]
[White "Hrubant, Ivan"]
[Black "Kukacka, Martin"]
[Result "1/2-1/2"]
[WhiteElo "2190"]
[BlackElo "2060"]
[PlyCount "130"]
[EventDate "1996.??.??"]
[EventType "swiss"]
[EventRounds "9"]
[EventCountry "CZE"]
[SourceTitle "EXT 2001"]
[Source "ChessBase"]
[SourceDate "2000.11.22"]
[SourceVersion "1"]
[SourceVersionDate "2000.11.22"]
[SourceQuality "1"]

1. d4 d5 2. c4 Nc6 3. Nf3 Bg4 4. cxd5 Bxf3 5. gxf3 Qxd5 6. e3 e6 7. Nc3 Qh5 8. Bg2 Nf6 9. f4 Qxd1+ 10. Kxd1 Kd7 11. Ke2 Rb8 12. b3 Ne7 13. Bb2 c6 14. Rac1 Ng6 15. Rhd1 Nd5 16. Ne4 f5 17. Nc5+ Ke7 18. Rb1 Kf7 19. Nd7 Rd8 20. Nxf8 Rhxf8 21. Rdc1 h6 22. Ba3 Rh8 23. Bc5 a6 24. a4 Nh4 25. Bxd5 exd5 26. b4 Rd7 27. b5 axb5 28. axb5 Rc8 29. b6 g5 30. fxg5 hxg5 31. Ra1 g4 32. h3 gxh3 33. Rh1 Rh8 34. Rxh3 Ng6 35. Rxh8 Nxh8 36. Ra8 Ng6 37. Rb8 f4 38. Kf3 fxe3 39. Kxe3 Ke6 40. Kf3 Rf7+ 41. Kg4 Nf4 42. Rd8 Nd3 43. Rd6+ Ke7 44. Rxc6+ Kd8 45. Rd6+ Ke8 46. f3 Rf4+ 47. Kg3 Rf5 48. Re6+ Kd8 49. Bd6 Kd7 50. Rg6 Nb2 51. Bc7 Nc4 52. f4 Rf7 53. Kg4 Ne3+ 54. Kg5 Rf5+ 55. Kh6 Nc2 56. Be5 Nxd4 57. Rd6+ Ke7 58. Rxd5 Nc6 59. Kg6 Rf7 60. Rd7+ Kxd7 61. Kxf7 Ne7 62. Kg7 Ke6 63. Kf8 Nd5 64. Bc7 Kf5 65. Ke8 Nxb6 1/2-1/2

[Event "Ceske Budejovice op"]
[Site "Ceske Budejovice"]
[Date "1996.??.??"]
[Round "8"]
[White "Kukacka, Martin"]
[Black "Alpert, Aleksandr Lazarevic"]
[Result "0-1"]
[WhiteElo "2060"]
[BlackElo "2300"]
[PlyCount "100"]
[EventDate "1996.??.??"]
[EventType "swiss"]
[EventRounds "9"]
[EventCountry "CZE"]
[SourceTitle "EXT 2001"]
[Source "ChessBase"]
[SourceDate "2000.11.22"]
[SourceVersion "1"]
[SourceVersionDate "2000.11.22"]
[SourceQuality "1"]

1. e4 c6 2. d4 d5 3. f3 g6 4. Be3 Bg7 5. c3 e6 6. Bd3 Ne7 7. Ne2 Nd7 8. 0-0 e5 9. Nd2 0-0 10. f4 dxe4 11. Nxe4 Nd5 12. Bd2 exd4 13. Nxd4 Qb6 14. Qf3 c5 15. Nf2 cxd4 16. Qxd5 Qxb2 17. Ne4 Nf6 18. Nxf6+ Bxf6 19. Rad1 Rd8 20. Qf3 dxc3 21. Bc1 Qxa2 22. f5 c2 23. fxg6 Bd4+ 24. Kh1 cxd1Q 25. gxf7+ Kh8 26. f8Q+ Rxf8 27. Qxf8+ Qg8 28. Qxg8+ Kxg8 29. Rxd1 Bf6 30. Rf1 Kg7 31. Bxh7 a5 32. Bd3 Bd7 33. Be4 Bc6 34. Bxc6 bxc6 35. g4 a4 36. Ba3 Rb8 37. Rc1 Rb3 38. Bd6 Rc3 39. Rxc3 Bxc3 40. Ba3 Bf6 41. Kg2 Kf7 42. Kf3 Be7 43. Bb2 a3 44. Bxa3 Bxa3 45. Ke4 Ke6 46. h4 Bf8 47. g5 Be7 48. Kf4 c5 49. h5 c4 50. h6 Kf7 0-1

[Event "CZE-chT1 9596"]
[Site "Czech Republic"]
[Date "1996.??.??"]
[Round "?"]
[White "Stehlik, Jiri"]
[Black "Kukacka, Martin"]
[Result "1-0"]
[WhiteElo "2115"]
[BlackElo "2060"]
[PlyCount "53"]
[EventDate "1995.??.??"]
[EventType "team-tourn"]
[EventRounds "11"]
[EventCountry "CZE"]
[SourceTitle "EXT 2000"]
[Source "ChessBase"]
[SourceDate "1999.11.16"]
[SourceVersion "1"]
[SourceVersionDate "1999.11.16"]
[SourceQuality "1"]

1. d4 d5 2. Nf3 Nf6 3. c4 e6 4. g3 dxc4 5. Qa4+ Nbd7 6. Bg2 c6 7. Qxc4 Be7 8. 0-0 0-0 9. Nc3 Nb6 10. Qb3 Bd7 11. Rd1 Qc8 12. Bg5 Nbd5 13. Rac1 Nxc3 14. Rxc3 h6 15. Bd2 Ne4 16. Rcc1 Nxd2 17. Nxd2 Qc7 18. Ne4 Rad8 19. Nc3 Bc8 20. e3 b6 21. Nb5 Qb8 22. Bxc6 a6 23. Nc3 b5 24. Bg2 e5 25. Nd5 Qd6 26. Rc6 Qd7 27. Rc7 1-0